00414cam a2200157ua 45000010005000000080039000050400009000440820008000531000028000612450040000892500009001292600044001383000023001826530015002056530036002202992110921n ii |||gr||||Z||||||eng cMAIN a9201 aSharma. O. P.,eAuthor.11aGreat men of indiacby O. P. Sharma a1st. aNew Delhi:bUppal publishing House,988. aviii; 284p:c23cm. aBiography  aBiography of Great men of india